000 00406nam a2200133Ia 4500
005 20260328101525.0
008 260328s9999||||xx |||||||||||||| ||und||
100 _aChicago Central Area Comittee
245 0 _aChicago Central Area Plan :
_b A Plan for the heart of the City /
_cChicago Central Area Comittee
260 _bChicago Central Area Comittee
300 _a96 p.
650 _aURBANISMO
942 _cBK
999 _c9749
_d9749